| 000 | 00661nam a2200229 u 4500 | ||
|---|---|---|---|
| 005 | 20240316063923.0 | ||
| 008 | 080207s2001 es r 000 0 spa d | ||
| 020 | _a8428816611 | ||
| 035 | _aUPN01000154096 | ||
| 049 | _aCG | ||
| 050 | 4 |
_aBF723 P4 _bJ5.2 |
|
| 100 | 1 | _aJiménez, Miguel Angel | |
| 245 | 1 | 0 |
_aAprender a ser persona : _bun programa de desarrollo personal / _cMiguel Angel Jiménez. |
| 260 |
_aMadrid : _bPPC, _c2001. |
||
| 300 | _a256 p. | ||
| 440 | 0 |
_aEducar práctico ; _v46 |
|
| 650 | 0 |
_aDesarrollo de la personalidad _96217 |
|
| 650 | 2 |
_aMadurez (psicología) _9731 |
|
| 650 | 4 |
_aÉxito _97041 |
|
| 905 | _aLibro | ||
| 999 |
_c126213 _d126213 |
||